000 00683nam a2200217Ia 4500
003 GCL
008 140319s9999 xx 000 0 ara d
040 _aGCL /
_cGCL
082 0 4 _a247.82
_bب ك
100 1 _aالبغدادى , عبدالقادر بن عمر
245 1 0 _aكتاب الملل والنحل /
_cالبغدادى , عبدالقادر بن عمر
700 1 _aالبير نصرى نادر
260 _a[S.N] :
_bدار المشرق ،
_c1986
300 _a182 ص
490 _a
650 0 4 _aالخوارج
650 0 4 _aالتاريخ الاسلامى
650 0 4 _aالفرق الاسلامية
650 0 4 _aعقائد الخوارج
942 _2ddc
_cBK
999 _c36036
_d36036